| 000 | 00393nam a2200157 i 4500 | ||
|---|---|---|---|
| 001 | 117207 | ||
| 005 | 20230410142352.0 | ||
| 008 | 140826s2012 nyua 000 0 eng | | ||
| 050 | 1 | 4 |
_a _b |
| 100 | 1 | _aKeaton, Diane. | |
| 245 | 0 | 0 |
_aThen again / _cDiane Keaton |
| 260 |
_aNew York : _bRandom House , _c©2012. |
||
| 300 |
_axxvi, 299 p. : _bill. ; _c22 cm. |
||
| 942 |
_2lcc _cbk |
||
| 946 | _aDGG | ||
| 999 |
_c94411 _d94411 |
||